Financie a mena

Enregistré dans:
Détails bibliographiques
Auteur principal: Hlavatá, Irena
Format: Livre
Langue:slovaque
Publié: Bratislava Alfa 1990
Édition:1. vyd.
Collection:Edícia ekonomickej literatúry
Tags: Ajouter un tag
Pas de tags, Soyez le premier à ajouter un tag!

MARC

LEADER 00000nam a2200000 4500
001 c028288
005 20230116103259.5
041 0 |a slo 
044 |a SK 
245 1 0 |a Financie a mena  |c Irena Hlavatá 
250 |a 1. vyd. 
264 1 |a Bratislava  |b Alfa  |c 1990 
300 |a 256 s. 
490 1 |a Edícia ekonomickej literatúry 
830 0 |a Edícia ekonomickej literatúry 
100 1 |a Hlavatá, Irena